| 000 | 00377nam a22001457a 4500 | ||
|---|---|---|---|
| 020 | _a9781473954199 | ||
| 040 | _cNUST | ||
| 082 |
_a658.3 _bWIL |
||
| 100 |
_aWilton, Nick _9123092 |
||
| 245 | _aAn Introduction to Human Resource Management | ||
| 250 | _a3rd Edition | ||
| 260 |
_aLos Angeles: _bSAGE, _c2016. |
||
| 650 |
_aHuman Resource Management _964173 |
||
| 942 |
_2ddc _cBK |
||
| 999 |
_c609403 _d609403 |
||